| 000 | 00822nam a2200253 a 4500 | ||
|---|---|---|---|
| 001 | 24904 | ||
| 003 | DB-RjUL | ||
| 005 | 20211209001119.0 | ||
| 008 | 140315t1968 enkcf b 001 0beng d | ||
| 020 | _a0521053404 | ||
| 035 | _a(BD-RjUL)24973 | ||
| 040 |
_aDLC _beng _cDLC _dBD-RjUL |
||
| 041 | _aeng | ||
| 082 | 0 | 4 |
_a942.067 _bHOR 1968 |
| 100 | 1 |
_aHorwitz, Henry. _976637 |
|
| 245 | 1 | 0 |
_aRevolution politicks : _bthe career of Daniel Finch, second Earl of Nottingham, (1647-1730) / _cby Henry Horwitz. |
| 260 |
_aLondon : _bCambridge University Press, _c1968. |
||
| 300 |
_axii, 306 p., [1] plate : _bport ; _c23 cm. |
||
| 504 | _aBibliography: p.275-287. -- Includes index. | ||
| 600 | 1 | 0 |
_aNottingham, Daniel Finch, _cEarl of, _d1647-1730. _978654 |
| 942 |
_2ddc _cBK |
||
| 999 |
_c24904 _d24904 |
||